Music Quiz

Random Music or Artist Quiz

Songs by Second Verse Quiz Stats

 Plays Quiz Updated Mar 5, 2015

Challenge
Share
Tweet
Embed
Score 0/20 Timer 05:00
0 Plays Today
Second Verse Song Title % Correct
Today was gonna be the day, but they'll never throw it back to youWonderwall
80.3%
Now John at the bar is a friend of mine; He gets me my drinks for freePiano Man
70.3%
Did you write the book of love; And do you have faith in God aboveAmerican Pie
62.5%
Well open up your mind and see like me; Open up your plans and then you're freeI'm Yours
53.6%
So take the photographs and still frames in your mind; Hang it on a shelf in good health and good timeGood Riddance (Time of Your Life)
53.5%
The man said, 'Why do you think you're here?'; I said, 'I got no idea'Rehab
52.6%
I hear your voice, it's like an angel sighing; I have no choice, I hear your voice, feels like flyingLike a Prayer
51.4%
Late night, come home; Work sucks, I knowAll the Small Things
51%
In restless dreams I walked alone; Narrow streets of cobblestoneThe Sound of Silence
50.5%
The soul's escaping, through this hole that is gaping; This world is mine for the takingLose Yourself
45.8%
Second Verse Song Title % Correct
You come on with a come-on, you don't fight fair; That's okay, see if I care!Hit Me With Your Best Shot
45.3%
I got gloss on my lips, a man on my hips; Hold me tighter than my Dereon jeansSingle Ladies (Put A Ring On It)
45.1%
He smiled so I got up and asked for his name; That don't matter, he said, 'cause it's all the sameI Love Rock 'n' Roll
43.1%
Why don't you all f-fade away; And don't try to dig what we all s-s-sayMy Generation
41.7%
Valentine is done here but now they're gone; Romeo and Juliet are together in eternity(Don't Fear) the Reaper
40.5%
And when the broken-hearted people; Living in the world agreeLet It Be
39.8%
Baby, I have no story to be told; But I've heard one on youRolling In The Deep
38.1%
Walkin' the streets with you in your worn-out jeans; I can't help thinking this is how it ought to beYou Belong With Me
31.4%
Father says, 'Your mother's right, she's really up on things'; 'Before we married, Mommy served in the WACS in the Philippines'Surrender
23.6%
I'll miss the playgrounds and the animals and digging up wormsTime to Pretend
14.8%

You're not logged in!

Compare scores with friends on all Sporcle quizzes.
OR
Log In

You Might Also Like...

Show Comments

Extras

Top Quizzes Today


Score Distribution

Your Account Isn't Verified!

In order to create a playlist on Sporcle, you need to verify the email address you used during registration. Go to your Sporcle Settings to finish the process.

Report this User

Report this user for behavior that violates our Community Guidelines.

Details: